000
00311nam a2200145Ia 4500
100
_a
Salariya/K.S/ Gupta /Y.P
942
_c
BK
654
_a
Machinist
245
_a
Machinist
260
_b
Tata McGraw Hill
_a
NEW DELHI
_c
1982
082
_a
621.9
_b
Sal/Gup
300
_a
232
546
_a
ENGLISH
999
_c
30992
_d
30992